000 00664nam a22002177a 4500
005 20170124110036.0
010 _a957628
020 _c20.00
035 _a957628
037 _bCen Lib/Ret
040 _aDPL
_bEN
082 _a615.82
_bMOD
100 _aModi, Krishna Murari
_922700
245 _aCure aches and pains through osteopathy /
_cby Krishna Murari Modi
260 _aBombay
_bOtheopathic Clinic
_c1979
270 _a14,Jolly Marker Apartments no.-3 Cuffe Parade
_bBombay
_e400005
300 _a136p.
_c20cm(Hb)
650 _aOsteopathic medicine
_922701
650 _aPain--Treatment
_922702
942 _2ddc
_cEN
_h615.82
_mMOD
999 _c128205
_d128205